000
00265 a2200097 4500
000
nam a22 7a 4500
020
_a
9781472439932
100
_a
Laukkanen, Mauri
245
_a
Comparative causal mapping : the CMAP3 method
260
_b
Gower Publishing Limited,
_c
2015
999
_c
85592
_d
85592